An den Frühling (Запис номер 518568)
[ съкратено ]
| 000 -Лидер | |
|---|---|
| Лидер | 01218njm a2200265 a 4500 |
| 003 - Код на организацията, давaща контролен номер | |
| Код на организацията, даваща контролен номер | BLK |
| 005 - Дата и час на последна редакция | |
| Дата и час на последна редакция | 20241007100306.0 |
| 007 - Фиксирано поле за физическо описани | |
| Физическо описание | sz bmmelaaahaa |
| 008 - Елементи от данни с фиксирана дължина | |
| Елементи с фиксирана дължина | 241007b bul |a|er|||| |0| c|bulo| |
| 028 ## - PUBLISHER NUMBER | |
| Издателски номер | 845084 |
| 040 ## - Източник на каталожния запис | |
| Код на библиотеката | BLK |
| 041 ## - Код за език | |
| Език на записа | Немски |
| Език за КДБФ | Немски |
| 080 ## - УДК | |
| УДК текст | Симфонични фантазии, арабески, токати, музикални моменти |
| УДК код | 785.11.083.31 |
| УДК – определител | (086.72) |
| УДК – код + определител | 785.11.083.31(086.72) |
| 245 ## - Сведения за заглавието | |
| Заглавие | An den Frühling |
| Авторска отговорност | Grosses Orchester des Deutschlandsenders ; dir. Robert Hanell. |
| 260 ## - Област на издателските данни | |
| Място на издаване | Berlin |
| Име на издателя | Deutsche Schallplatten |
| Година на издаване | 1971 |
| 9 (RLIN) | 210744 |
| 300 ## - Физическа характеристика | |
| Брой страници | 1 грамофонна плоча 33 об/мин |
| Илюстрации | стерео |
| Размер | 30 см |
| 380 ## - Жанр | |
| Жанр | Изкуство |
| 490 ## - СЕРИИ (Колекции) | |
| 9 (RLIN) | 493969 |
| Серия | Amiga |
| 500 ## - Общи забележки | |
| Обща забележка | Marsch Nr. 1<br/>Gopak<br/>Frühlingsrauschen<br/>Frühlingslied<br/>An den Frühling<br/>Zwischenspiel aus dem Ballett "Der goldene Pavillion"<br/>Marsch der kleinen Zinnsoldaten<br/>Ungarisches Lustspiel-Ouvertüre<br/>Hejre Kati<br/>Mattinata<br/>Le Coucou<br/>Prélude g-moll |
| 650 #7 - Допълнително описание по предмет – тема | |
| Предметна рубрика | Симфонични поеми |
| 9 (RLIN) | 170965 |
| 852 ## - Местоположение | |
| Сигнатура (форматна) | Ф II 2124 |
| Отдел | Хранилище |
| 856 4# - Електронен адрес и достъп | |
| Електронен формат | pdf - файл |
| Път до файла (ресурса) | |
| Инструкция (цена за достъп) | 0.00 |
| Права за достъп | disable |
| 942 ## - АРТИКУЛИ | |
| Вид на библиотечния документ | Грамофонни плочи |
| Скрит в OPAC | Не |
| 944 ## - СЪЗДАВАНЕ И РЕДАКЦИЯ на ЗАПИСА | |
| Дата на регистрацията/редакция | Геновева Генчева |
| Служител, извършил регистрацията/редакцията | 30560 |
| Статус, дата на статуса | Геновева Генчева |
| Създаване/Редакция | |
| 999 ## - СИСТЕМНИ КОНТРОЛНИ НОМЕРА | |
| Koha biblionumber | 518568 |
| Koha biblioitemnumber | 518568 |
| Код за отписване | Код за изгубен артикул | Източник на класификационната схема | Код за повреда | Коз за рестрикции | Код за отдаване | Артикулен № | Име на библиотеката - собственик | Име на библиотеката, в която се намира в момента | Статус (Текущо местоположение) | Дата на вписване в системата | Местоположение - отдел | Цена в лева | Инвентарен номер | Систематично азбучна сигнатура | Баркод | Цена в евро | Служебен тип на артикула |
|---|---|---|---|---|---|---|---|---|---|---|---|---|---|---|---|---|---|
| Не е изгубен | Universal Decimal Classification | Не е повреден | само за читалня | ползва се в читалня | 950875 | Регионална библиотека "Любен Каравелов" Русе | Регионална библиотека "Любен Каравелов" Русе | Хранилище | 2024-10-07 | Основен фонд - ползва се само за читалня | 4.50 | 6770 | Ф II 2124 | 900000108000 | 2.30 | Грамофонни плочи |